000 01393nab a22002537a 4500
999 _c6222
_d6222
003 OSt
005 20260126012102.0
008 190514b xxu||||| |||| 00| 0 spa d
040 _cPJ
100 _96944
_aSoler, Guadalupe
245 1 0 _aCompensación económica como consecuencia del cese de una unión convivencial :
_bun análisis jurisprudencial /
_cGuadalupe Soler, Susana M. Squizzato.
300 _ap. 172-179
500 _aCita: TR LALEY AR/DOC/2114/2024.
505 _aSumario: I. Introducción.— II. El caso.— III. Compensación económica a partir de una mirada de género: valoración de los recaudos de procedencia.— IV. El quantum de la compensación económica: monto, duración y modalidad.— V. Palabras finales.
505 _tFallo comentado: JCiv. de Personas y Familia Nro. 2, Salta ~ 11/05/2023 ~ P., M. N. c. L., P. A. s/ sumario.
505 _tFallo comentado: CCiv. y Com., Salta, sala II ~ 01/03/2024 ~ P., M. N. c. L., P. A. s/ sumario.
650 0 _9967
_aDERECHO DE FAMILIA
650 0 _95830
_aCOMPENSACIÓN ECONÓMICA
650 0 _91053
_aUNIONES CONVIVENCIALES
650 0 _91057
_aJURISPRUDENCIA APLICABLE
700 _96945
_aSquizzato, Susana M.
773 0 _02844
_93222
_dBuenos Aires : AbeledoPerrot, 1989-
_tDerecho de familia. Revista Interdisciplinaria de doctrina y jurisprudencia. Octubre 2024-V.
_z18511201
942 _2udc
_cANA